000 01160cam a2200325Ma 4500
001 52746
005 20230410115708.0
008 030520s2003 sp a rb 000 0 spa d
035 _a(OCoLC)ocm52310413
040 _aPL#
_bspa
_cPL#
_dOCLCQ
_dUIA
020 _a8446018918
020 _a9788446018919
029 0 _aPL#
_b8446018918
050 1 4 _aHG 3881
_bT771 2003
245 0 4 _aLas trampas de las finanzas mundiales :
_bdiagnósticos y remedios /
_cFrancois Chesnais y Dominique Plihon (coords.) ; traducción, Luis Fernando Lobejón.
260 _aTres Cantos, Madrid :
_bEdiciones Akal,
_c2003.
300 _a202 p. :
_bil., gráficas, tablas ;
_c24 cm.
440 0 _aEconomía actual ;
_v6
500 _aTraducción de: Les piéges de la finance mondiale.
504 _aBibliografía: p. 189-197.
650 0 _aInternational finance.
650 4 _aFinanzas internacionales.
653 _aFinanzas internacionales.
700 1 _aChesnais, Francois,
_ecoord.
700 1 _aPlihon, Dominique,
_ecoord.
700 1 _aLobejón, Luis Fernando,
_etr.
938 _aPuvill Libros
_bPUVL
_n8446018918
_c$20.76
942 _2lcc
_cbk
994 _aC0
_bDRFGD
999 _c46201
_d46201